000
00315 a2200145 4500
001
169236
020
_a
040
_c
Magnum
100
_a
Revuz, Andre
240
1
0
_a
Matematica moderna/matematica viva
_l
por
245
1
0
_a
Matematica moderna/matematica viva
362
0
_a
1899
697
_a
GERAL
942
_c
BK
999
_c
169236
_d
169236